| 000 | 01354 a2200229 4500 | ||
|---|---|---|---|
| 001 | 22286 | ||
| 005 | 20260407155512.0 | ||
| 008 | 260407a1995 arg spa d | ||
| 003 | AR-UNSa-BCEJYS | ||
| 040 |
_aAR-UNSa-BCEJYS _bspa _cAR-UNSa-BCEJYS |
||
| 080 |
_a342.9 _xDerecho Administrativo |
||
| 245 | 1 | 0 | _aTratado de derecho administrativo |
| 020 | _a950-20-0006-4 | ||
| 250 | _a5a.ed | ||
| 264 | 1 |
_aBuenos Aires : _bAbeledo Perrot _c1995 |
|
| 300 |
_aviii, 771 p. _c22 cm. |
||
| 505 | _aTitulo I:1. Administración Pública - Titulo II: 1. Derecho Administrativo - 2. Relaciones del derecho administrativo - 3. Fuentes del derecho administrativo - 4. Codificación del derecho administrativo - 5. El método en derecho administrativo - Titulo III : 1. La personalidad en el derecho administrativo - 2. El estado - 3. Entidades autárquicas - 4. Empresas del estado - 5. Sociedades de economía mixta - 6. Otras personas que se mencionan en derecho administrativo - Titulo IV: 1. Organización administrativa - 2. Los órganos de la administración pública - 3. Competencia - 4. Jerarquía - 5. Potestades administrativas - 6. Centralización y descentralización - 7. El control o la fiscalización en la administración pública. | ||
| 041 | _aspa | ||
| 942 | _cBK | ||
| 590 | _aniveau_biblio:m niveau_hierar:0 | ||
| 100 | 1 | _aMarienhoff, Miguel S. | |
| 999 |
_c945 _d945 |
||